000 01838nam a2200241Ia 4500
008 260220t1978||||xx |||||||||||||| ||spa||
040 _aPY-SlUNAC
_bspa
_erda
041 _aspa
082 _a574
_bEn32e
100 _aEngel, Alejandro B.
_eAutor
245 0 _aElementos de biomatemática /
_cpor Alejandro B. Engel [Autor]
264 _aWashington D. C. :
_bOrganización de los Estados Americanos,
_c℗1978.
300 _a1 volumen
520 _a"Elementos de biomatemática" de Alejandro B. Engel es una obra fundamental que explora la intersección entre la biología y las matemáticas, ofreciendo un marco teórico y práctico para la aplicación de modelos matemáticos en el análisis de fenómenos biológicos. El autor presenta diversas herramientas matemáticas, como ecuaciones diferenciales y modelos estadísticos, que permiten comprender y predecir comportamientos en poblaciones, ecología y genética. Engel enfatiza la importancia del enfoque cuantitativo para abordar problemas biológicos complejos, ilustrando sus conceptos con ejemplos aplicados que facilitan la comprensión de la materia. Además, se discuten las implicaciones de la biomatemática en la investigación científica y en la toma de decisiones en políticas de salud y conservación. Al combinar rigor matemático con un enfoque biológico, el libro se convierte en un recurso valioso tanto para estudiantes como para profesionales interesados en el análisis y modelado de sistemas biológicos, promoviendo una visión interdisciplinaria que enriquece el campo de la biomatemática.
653 _aBiología
653 _aMatemáticas
653 _aModelos matemáticos
942 _b2026/02/17
_cBK
999 _c8107
_d8107